| 000 | 00441cam a22001337a 4500 | ||
|---|---|---|---|
| 008 | 180718b1980 xxu||||| |||| 00| 0 eng d | ||
| 082 | _aK12x54 N315 | ||
| 100 | _aNehru, B. K. | ||
| 245 |
_aThe role of the civil service in India today _cby B. K. Nehru |
||
| 260 |
_aNew Delhi _bIndia International Centre _c1980 |
||
| 300 | _a21p. | ||
| 500 | _aSeventh Govind Ballabh Pant Memorial Lecturre, 25th April 1980 | ||
| 650 | _aCivil service --India | ||
| 999 |
_c500787 _d500787 |
||